Formación de fronteras y modalidades de dominación /
Guardado en:
| Hovedforfatter: | |
|---|---|
| Format: | Texto |
| Fag: | |
| Tags: |
Tilføj Tag
Ingen Tags, Vær først til at tagge denne postø!
|
MARC
| LEADER | 00000 a a2200000 04500 | ||
|---|---|---|---|
| 001 | 45320 | ||
| 003 | |||
| 040 | |||
| 090 | |a REV0780 (13)1983 | ||
| 100 | |a Pinto Soria, Julio | ||
| 245 | |a Formación de fronteras y modalidades de dominación / |c Julio Pinto Soria | ||
| 650 | |a FRONTERAS | ||
| 650 | |a GUATEMALA | ||
| 650 | |a COLONIALISMO | ||
| 773 | |g número13, III Epoca, (1983), páginas 69-86 | ||
| 999 | |c 20826 |d 20826 | ||
